Responses for show #5485 - Friday, June 13, 2008

Contestants

[<< previous game]

Lowell Goodman, a writer from Los Angeles, California

Allen Goodman, an economics professor from Huntington Woods, Michigan

Ilana Rembelinsky, a teacher from Portland, Oregon (whose 1-day cash winnings total $20,401)

[next game >>]

Jeopardy! Round responses

"N"ATIONS OF THE WORLD
5-LETTER WORDS
HODGEPODGE
(Alex: A little bit of everything.)
MYTHOLOGY
HERSHEY vs. NESTLE
LITTLE LEAGUE BASEBALL
(Jimmy: How the A-Rods of the future do it.)
    $200 1
Norway

Lowell
    $200 18
(Ilana: What are April and... uh-oh.)

March & April

IlanaAllen
    $200 26
the pussy willow

Ilana
    $200 14
the llama

Ilana
    $200 11
chocolate

Allen
    $200 6
the strike zone

Allen
    $400 2
(Allen: What is Niger?)

Nigeria

IlanaAllen
    $400 19
wheat

Ilana
    $400 27
(Alex: Now I find out!)

birth

Triple Stumper
    $400 15
Helen

Lowell
    $400 12
(Allen: What is cocoa?)

coffee

Allen
Triple Stumper
    $400 7
aluminum

Allen
    $600 3
New Zealand

Triple Stumper
    $600 20
gorge

Ilana
    $600 28
(Alex: I fear you have overcomplicated this one.)

sleeveless

Triple Stumper
    $600 21
Hercules

Lowell
    $600 13
Reese's

Ilana
    $600 8
60 feet

Allen
    $800 4
Nicaragua

Lowell
    $800 22
niche

Ilana
    $800 29
Chile

Ilana
    $1,000 24
the cornucopia

Lowell
    $800 16
Almond Joy

Allen
    $800 9
(Lowell: What's the seventh?)

the sixth inning

AllenLowell
    $1000 5
(Allen: What is Nabibia?)
[Initially ruled correct]

Namibia

Allen
Triple Stumper
    $1000 23
a relic

Lowell
    $1000 30
(R. Stanton) Avery

Lowell
    $1000 25
Crete

Ilana
    $1000 17
Krackel

Lowell
    $1000 10
a rundown

Allen

Scores at the first commercial break (after clue 15):

Ilana Allen Lowell
$1,200 $1,400 $600

Scores at the end of the Jeopardy! Round:

Ilana Allen Lowell
$4,800 $2,400 $5,200

Double Jeopardy! Round responses

ITALIAN ART & ARTISTS
POP MUSIC
BUGS
WEAR IT WELL
LITERARY TRILOGIES
"I" AYE
    $400 7
Titian

Allen
    $400 3
The Eagles

Ilana
    $400 18
a junebug

Ilana
    $400 13
Skechers

Triple Stumper
    $400 1
C.S. Lewis

Lowell
    $400 19
imperative

Ilana
    $800 8
The Last Supper

Ilana
    $800 4
Alanis Morissette

Lowell
    $800 24
boll weevils

Ilana
    $800 14
carpenter pants

Ilana
    $800 2
(Ilana: What is Alabama?)
(Alex: "Carry Me Back to Old [*]".)

Virginia

Ilana
Triple Stumper
    $800 20
Independence Day

Ilana
    $1200 9
St. Peter's

Lowell
    $1200 5
"The Boogie Woogie Bugle Boy"

Allen
    $1200 25
a centipede

Ilana
    $1200 30
the sack dress

Allen
    $1200 15
Sartre

Allen
    $1200 21
(Allen: What is illegal?)
(Alex: 2 things.)
(Allen: Immoral--What is)
[buzzer]
(Alex: Oh, you got it in maybe just in the nick of time!)

illegal or immoral

Allen
    $2,000 10
Florence

Lowell
    $1600 6
Akon

Triple Stumper
    $1600 26
(Alex: Who are Bill & Ernie? No, who are [*].)

termites

Triple Stumper
    $1,500 28
(Ilana: What is a dashiki?)

a caftan

Ilana
    $1600 16
(Alex: And that American author was [*].)

William Faulkner

Triple Stumper
    $1600 22
an innuendo

Ilana
    $2000 11
Andrea del Sarto

Triple Stumper
    $2000 12
a Polaroid picture

Triple Stumper
    $2000 27
facets

Ilana
    $2000 29
platform shoes

Ilana
    $2000 17
(Ilana: Who is Apollo?)

Orpheus

Ilana
Triple Stumper
    $2000 23
Interlude

Allen

Scores at the end of the Double Jeopardy! Round:

Ilana Allen Lowell
$11,700 $9,600 $9,600

[wagering suggestions for these scores]

Final Jeopardy! Round responses

HOLIDAYS
[Zerg Cam]
LowellWhat is Columbus Day?
$9,500
AllenWhat is Presidents' Day
$9,600
IlanaWhat is President's Day?
$7,501
Columbus Day

Final scores:

Ilana Allen Lowell
$4,199 $0 $19,100
2nd place: $2,000 3rd place: $1,000 New champion: $19,100

Game dynamics:

Coryat scores:

Ilana Allen Lowell
$13,200 $9,600 $9,000
20 R,
4 W
(including 1 DD)
14 R,
3 W
12 R
(including 2 DDs),
1 W

Combined Coryat: $31,800

The J! Archive is created by fans, for fans. The Jeopardy! game show and all elements thereof, including but not limited to copyright and trademark thereto, are the property of Jeopardy Productions, Inc. and are protected under law. This website is not affiliated with, sponsored by, or operated by Jeopardy Productions, Inc. Join the discussion at JBoard.tv.